书目信息 |
| 题名: |
中西智慧的贯通
|
|
| 作者: | 叶秀山 著 | |
| 分册: | ||
| 出版信息: | 南京 江苏人民出版社 2002 |
|
| 页数: | 346页 | |
| 开本: | 23cm | |
| 丛书名: | 纯粹哲学丛书 | |
| 单 册: | ||
| 中图分类: | G02-53 , B827 | |
| 科图分类: | ||
| 主题词: | 文化哲学 , 文化哲学--中国--文集 , 伦理学 | |
| 电子资源: | ||
| ISBN: | 7-214-03217-1 | |
| 000 | 00999oam2 2200301 450 | |
| 001 | 1160374460 | |
| 005 | 20111004095648.26 | |
| 010 | @a7-214-03217-1@dCNY30.00 | |
| 100 | @a20020808d2002 kemy0chiy0110 ea | |
| 101 | 0 | @achi |
| 102 | @aCN@b320000 | |
| 105 | @ay z 000yy | |
| 106 | @ar | |
| 200 | 1 | @a中西智慧的贯通@Azhong xi zhi hui de guan tong@e叶秀山中国哲学文化论集@f叶秀山著 |
| 210 | @a南京@c江苏人民出版社@d2002 | |
| 215 | @a346页@d23cm | |
| 225 | 2 | @a纯粹哲学丛书 |
| 330 | @a本书收《学者的使命》、《中西哲学话“长生”》、《漫谈庄子的“自由”观》、《古今中外 有分有合》、《从屈原的死谈起》等30多篇文章。 | |
| 461 | 0 | @12001 @a纯粹哲学丛书 |
| 517 | 1 | @a叶秀山中国哲学文化论集@Aye xiu shan zhong guo zhe xue wen hua lun ji |
| 606 | 0 | @a文化哲学 |
| 606 | 0 | @a文化哲学@y中国@j文集 |
| 606 | 0 | @a伦理学 |
| 690 | @aG02-53@v4 | |
| 690 | @aB827@v4 | |
| 701 | 0 | @a叶秀山@f(1935~)@Aye xiu shan@4著 |
| 801 | 0 | @aCN@bNLC@c20020822 |
| 905 | @a10447@dB827@eJY158 | |
| 中西智慧的贯通:叶秀山中国哲学文化论集/叶秀山著 .-南京:江苏人民出版社,2002 |
| 346页;23cm .-(纯粹哲学丛书 ) |
| ISBN 7-214-03217-1:CNY30.00 |
| 本书收《学者的使命》、《中西哲学话“长生”》、《漫谈庄子的“自由”观》、《古今中外 有分有合》、《从屈原的死谈起》等30多篇文章。 |
| ● |
| 相关链接 |
|
|
|
|
正题名:中西智慧的贯通
索取号:B827/JY158
 
预约/预借
| 序号 | 登录号 | 条形码 | 馆藏地/架位号 | 状态 | 备注 |
| 1 | 7824680 | 278246809 | 学院路分馆/ [索取号:B827/JY158] | 在馆 | |
| 2 | 7824681 | 278246818 | 学院路分馆/ [索取号:B827/JY158] | 在馆 |